[Event "AUTO-ELITE-521"]
[Site "http://www.queenalice.com/game.php?id=753999"]
[Date "2010.3.30"]
[Round "1"]
[White "dossoman"]
[Black "Franz2"]
[Result "1/2-1/2"]
[WhiteElo "2204"]
[BlackElo "2347"]

1. e4 c5 2. d4 e6 3. c3 d5 4. e5 Qb6 5. Nf3 Nc6 6. Bd3 cxd4 7. cxd4 Bd7 8. O-O
Nxd4 9. Nxd4 Qxd4 10. Nc3 Ne7 11. Nb5 Qxe5 12. Qf3 Bxb5 13. Bxb5+ Nc6 14. Bf4
Qxb2 15. Rab1 Qf6 16. Ba4 Qd4 17. Bxc6+ bxc6 18. Rb7 Qf6 19. Qg3 Be7 20. Bd6
Bxd6 21. Qxd6 Rd8 22. Rb8 Qe7 23. Qxc6+ Qd7 24. Rxd8+ Kxd8 25. Qa8+ Qc8 26. Qxa7
Qc7 27. Qa8+ Qc8 28. Qa7 Qc7 1/2-1/2

[Event "QA-ANNIV-05"]
[Site "http://www.queenalice.com/game.php?id=759006"]
[Date "2010.4.10"]
[Round "4"]
[White "Franz2"]
[Black "Harir"]
[Result "1/2-1/2"]
[WhiteElo "2353"]
[BlackElo "2304"]

1. e4 e5 2. Nf3 Nc6 3. Bc4 Bc5 4. c3 Nf6 5. d3 O-O 6. b4 Bb6 7. O-O d6 8. Nbd2
Bg4 9. h3 Bd7 10. Bb3 a5 11. b5 Ne7 12. a4 Ng6 13. Nc4 Ba7 14. Qc2 Be6 15. Re1
Qd7 16. Ng5 Bc5 17. Nxe6 fxe6 18. Bb2 Nh5 19. d4 exd4 20. cxd4 Bb4 21. Re3 Nhf4
22. Rg3 Rae8 23. Rc1 Qe7 24. Rg4 Kh8 25. Kh2 Nh4 26. Rg1 Qf6 27. Bc1 Qh6 28.
Bxf4 Rxf4 29. Rxf4 Qxf4+ 30. Kh1 Rf8 31. Rf1 c6 32. bxc6 bxc6 33. Qe2 Qf6 34.
Qd3 Qg6 35. Ne3 h6 36. Bc2 Nf3 37. Nf5 Ne1 38. Rxe1 Bxe1 39. Ne7 Qf7 40. e5 g5
41. exd6 Bxf2 42. Ng6+ Kg7 43. d7 Rd8 44. Ne5 Qf5 45. Qxf5 exf5 46. Bxf5 Bxd4
47. Nxc6 Bb6 48. Nxd8 Bxd8 49. g4 Kf6 50. Kg2 h5 51. Kf3 hxg4+ 52. Bxg4 Ke5 53.
Ke3 Bb6+ 54. Kd3 Kd6 1/2-1/2

[Event "QA-ANNIV-05"]
[Site "http://www.queenalice.com/game.php?id=793769"]
[Date "2010.6.23"]
[Round "5"]
[White "Franz2"]
[Black "Zaubernuss"]
[Result "1/2-1/2"]
[WhiteElo "2344"]
[BlackElo "2372"]

1. e4 c5 2. Nf3 e6 3. c4 Nc6 4. Nc3 e5 5. d3 d6 6. Be2 g6 7. O-O Bg7 8. a3 a5 9.
Nd5 Nge7 10. Bg5 h6 11. Bd2 Bg4 12. Nc3 O-O 13. h3 Bxf3 14. Bxf3 Kh7 15. Ne2 Qd7
16. b3 b6 17. Bg4 f5 18. exf5 gxf5 19. Bh5 d5 20. Ra2 Rad8 21. Qb1 Ng8 22. cxd5
Qxd5 23. Bf3 Qe6 24. Bxc6 Qxc6 25. b4 axb4 26. axb4 Rd7 27. bxc5 bxc5 28. Rc1
1/2-1/2

[Event "AUTO-ELITE-573"]
[Site "http://www.queenalice.com/game.php?id=794887"]
[Date "2010.6.25"]
[Round "1"]
[White "Carotino"]
[Black "Franz2"]
[Result "1/2-1/2"]
[WhiteElo "2326"]
[BlackElo "2349"]

1. e4 e5 2. Nf3 Nc6 3. Bb5 Nf6 4. O-O Nxe4 5. d4 a6 6. Ba4 b5 7. Bb3 d5 8. dxe5
Be6 9. Nc3 Nxc3 10. bxc3 Be7 11. a4 O-O 12. axb5 axb5 13. Rxa8 Qxa8 14. Nd4 Nxd4
15. cxd4 Qc6 16. Bb2 Ra8 17. Qd3 Qd7 1/2-1/2

[Event "AUTO-ELITE-573"]
[Site "http://www.queenalice.com/game.php?id=794888"]
[Date "2010.6.25"]
[Round "1"]
[White "Franz2"]
[Black "Carotino"]
[Result "1/2-1/2"]
[WhiteElo "2342"]
[BlackElo "2325"]

1. d4 d5 2. Nf3 Nf6 3. g3 c5 4. Bg2 cxd4 5. O-O h6 6. Bf4 e6 7. Nxd4 g5 8. Bd2
e5 9. Nb3 Nc6 10. Nc3 Be6 11. Na4 b6 12. c4 Rc8 13. cxd5 Bxd5 14. Nc3 Bxg2 15.
Kxg2 Bb4 16. Rc1 O-O 17. h4 Bxc3 18. Rxc3 Qd5+ 19. f3 e4 20. Qc1 Nh7 21. hxg5
hxg5 22. Kg1 Rfe8 23. Rf2 exf3 24. exf3 Re6 25. Qf1 Rd8 26. Qh3 Rdd6 27. f4 gxf4
28. Bxf4 1/2-1/2

[Event "AUTO-ELITE-573"]
[Site "http://www.queenalice.com/game.php?id=794893"]
[Date "2010.6.25"]
[Round "1"]
[White "IgorLutz"]
[Black "Franz2"]
[Result "1/2-1/2"]
[WhiteElo "2231"]
[BlackElo "2348"]

1. d4 Nf6 2. c4 e6 3. Nf3 d5 4. Nc3 dxc4 5. e4 Bb4 6. Bg5 c5 7. dxc5 Qxd1+ 8.
Rxd1 Nbd7 9. Rd4 h6 10. Bxf6 gxf6 11. Rxc4 Bxc5 12. Nb5 O-O 13. Nc7 1/2-1/2

[Event "AUTO-ELITE-573"]
[Site "http://www.queenalice.com/game.php?id=794894"]
[Date "2010.6.25"]
[Round "1"]
[White "Franz2"]
[Black "IgorLutz"]
[Result "1/2-1/2"]
[WhiteElo "2345"]
[BlackElo "2235"]

1. e4 c5 2. Nf3 e6 3. d4 cxd4 4. Nxd4 Nf6 5. Nc3 d6 6. Be2 Nc6 7. Be3 Be7 8. O-O
O-O 9. f4 e5 10. Nb3 exf4 11. Bxf4 Be6 12. Kh1 d5 13. e5 Nd7 14. Nxd5 Ndxe5 15.
c4 Bg5 16. Bg3 Bh4 17. Bf4 1/2-1/2

[Event "AUTO-ELITE-591"]
[Site "http://www.queenalice.com/game.php?id=808222"]
[Date "2010.7.25"]
[Round "1"]
[White "Franz2"]
[Black "danbots5k"]
[Result "1-0"]
[WhiteElo "2376"]
[BlackElo "2205"]

1. e4 e5 2. Nf3 Nc6 3. d4 exd4 4. Nxd4 Bc5 5. Nb3 Bb6 6. Nc3 a6 7. a4 Na5 8. Nd5
Nxb3 9. cxb3 Bc5 10. Bf4 d6 11. Rc1 Ne7 12. Rxc5 c6 13. Nxe7 dxc5 14. Nxc8 Rxc8
15. Qc2 O-O 16. Bd3 b5 17. O-O Qe7 18. Be3 c4 19. bxc4 Rfd8 20. Bb6 Re8 21. f4
b4 22. c5 Ra8 23. e5 h6 24. Qc4 a5 25. Qe4 g6 26. Qxc6 Rac8 27. Qd6 Qb7 28. Bxa5
Re6 29. Qd4 b3 30. f5 Ra6 31. Bxa6 1-0

[Event "AUTO-ELITE-591"]
[Site "http://www.queenalice.com/game.php?id=808223"]
[Date "2010.7.25"]
[Round "1"]
[White "danbots5k"]
[Black "Franz2"]
[Result "0-1"]
[WhiteElo "2236"]
[BlackElo "2368"]

1. d4 Nf6 2. c4 e6 3. Bg5 Bb4+ 4. Nd2 h6 5. Bxf6 Qxf6 6. e3 O-O 7. a3 Be7 8.
Ngf3 d5 9. b4 b6 10. Qb3 a5 11. b5 Bb7 12. Be2 Nd7 13. Qb2 Bd6 14. O-O Rfe8 15.
Qa2 Qg6 16. Rfe1 Qf5 17. Rec1 g6 18. Ne1 e5 19. Nf1 exd4 20. Bd3 Qf6 21. cxd5
Nc5 22. exd4 Nxd3 23. Nxd3 Qxd4 24. Qc4 Qxc4 25. Rxc4 Bxd5 26. Rd4 Be6 27. a4
Bf8 28. Rc1 Bg7 29. Rh4 g5 30. Re4 Bb3 31. Rce1 Rxe4 32. Rxe4 Bc2 33. Rc4 Bxd3
34. Rxc7 Re8 35. Ne3 Re4 0-1

[Event "AUTO-ELITE-621"]
[Site "http://www.queenalice.com/game.php?id=828966"]
[Date "2010.9.6"]
[Round "1"]
[White "Franz2"]
[Black "amarkin"]
[Result "0-1"]
[WhiteElo "2341"]
[BlackElo "2440"]

1. e4 e5 2. f4 exf4 3. Bc4 Nc6 4. Nf3 g5 5. O-O h6 6. d4 Bg7 7. c3 Nge7 8. d5
Ne5 9. Nxe5 Bxe5 10. Nd2 Ng6 11. Nf3 O-O 12. Nxe5 Nxe5 13. Be2 d6 14. Bf3 f5 15.
exf5 Bxf5 16. b3 g4 17. Be2 f3 18. gxf3 gxf3 19. Bxf3 Qh4 20. Qd4 Be4 0-1

[Event "AUTO-ELITE-621"]
[Site "http://www.queenalice.com/game.php?id=828967"]
[Date "2010.9.6"]
[Round "1"]
[White "amarkin"]
[Black "Franz2"]
[Result "1/2-1/2"]
[WhiteElo "2438"]
[BlackElo "2357"]

1. d4 d5 2. c4 e6 3. Nf3 Nf6 4. Nc3 c6 5. e3 a6 6. b3 Bb4 7. Bd2 Nbd7 8. Bd3 O-O
9. O-O Bd6 10. Qc2 h6 11. Rfe1 b5 12. h3 Bb7 13. c5 Bc7 14. b4 Re8 15. e4 dxe4
16. Nxe4 Nxe4 17. Bxe4 Nf6 18. Bd3 a5 19. bxa5 Bxa5 20. a4 Bxd2 21. Qxd2 bxa4
22. Reb1 Ba6 23. Rxa4 Bxd3 24. Rxa8 Qxa8 25. Qxd3 Rb8 26. Rxb8+ Qxb8 27. Ne5 Qa8
28. Qd1 Nd5 29. Qh5 g6 30. Qd1 Kg7 31. Qb1 Ne7 32. Qb2 f6 33. Nc4 h5 34. h4 Nf5
35. g3 Qa7 36. Nd6 Qe7 37. Nxf5+ gxf5 38. Qb8 Qd7 39. Qd6 Qe8 40. Qc7+ Kh6 41.
Kf1 Kg6 42. Kg2 Kh6 43. Kg1 Kg6 1/2-1/2

[Event "QA-ANNIV-05"]
[Site "http://www.queenalice.com/game.php?id=841350"]
[Date "2010.10.3"]
[Round "6"]
[White "puddschini"]
[Black "Franz2"]
[Result "1/2-1/2"]
[WhiteElo "2530"]
[BlackElo "2359"]

1. e4 c5 2. Nf3 d6 3. d4 cxd4 4. Nxd4 Nf6 5. Nc3 g6 6. f4 Nc6 7. Nf3 Bg7 8. Bd3
Qb6 9. h3 O-O 10. Qd2 Nb4 11. a3 Nxd3+ 12. cxd3 Re8 13. Qe3 Qa6 14. O-O e5 15.
fxe5 dxe5 16. Bd2 Bd7 17. Be1 Rac8 18. Bf2 Bc6 19. Ne1 b6 20. Nc2 Qb7 21. Nb4
Qd7 22. Nxc6 Rxc6 23. Qf3 Rd6 24. Rad1 Nh5 25. Be3 Rc8 26. Qf2 h6 27. Qc2 g5 28.
Qb3 Qe6 29. Qa4 Rd7 30. Rf2 Nf4 31. Rfd2 a5 32. Qb5 Rd6 33. Qa6 Rdc6 34. Nb5 Qd7
35. Qa7 1/2-1/2

[Event "Let's Play Chess!"]
[Site "http://www.queenalice.com/game.php?id=856703"]
[Date "2010.11.9"]
[Round "-"]
[White "Franz2"]
[Black "plonius"]
[Result "1/2-1/2"]
[WhiteElo "2364"]
[BlackElo "2493"]

1. d4 Nf6 2. c4 c5 3. d5 g6 4. g3 Bg7 5. Bg2 d6 6. Nf3 b5 7. cxb5 Qa5+ 8. Nc3 a6
9. bxa6 Ne4 10. O-O Nxc3 11. bxc3 Bxc3 12. Rb1 O-O 13. Qc2 Bg7 14. a7 Nd7 15.
Rb3 Rxa7 16. Bb2 Nf6 17. Nd2 Bd7 18. Ra3 Qc7 19. Rxa7 Qxa7 20. Rb1 Ra8 21. a3
Rb8 22. e4 Qa4 23. Qxa4 Bxa4 24. Ba1 Rxb1+ 25. Nxb1 Bc2 26. Nd2 Nd7 27. Bxg7
Kxg7 28. f3 Nb6 29. Bf1 f5 30. Kf2 g5 31. Ke3 g4 32. Bd3 Bxd3 33. Kxd3 gxf3 34.
Nxf3 Kf6 35. Nd2 fxe4+ 36. Kxe4 e6 37. dxe6 Kxe6 38. g4 d5+ 39. Kd3 Ke5 40. Ke2
Kf4 41. h3 c4 42. Nf3 Na4 43. g5 c3 44. h4 c2 45. Ne1 c1=N+ 1/2-1/2

[Event "AUTO-ELITE-591"]
[Site "http://www.queenalice.com/game.php?id=881496"]
[Date "2011.1.5"]
[Round "2"]
[White "Franz2"]
[Black "capaputi"]
[Result "1-0"]
[WhiteElo "2383"]
[BlackElo "2173"]

1. d4 Nf6 2. c4 e6 3. Nf3 Bb4+ 4. Nbd2 d5 5. Qa4+ Nc6 6. a3 Be7 7. e3 O-O 8. Bd3
Bd7 9. Qc2 a5 10. O-O h6 11. b3 Re8 12. Bb2 Bd6 13. Ne5 Bxe5 14. dxe5 Ng4 15.
Nf3 h5 16. Rfd1 Ne7 17. Bh7+ Kf8 18. cxd5 Nxd5 19. e4 Nb6 20. Qc5+ Re7 21. h3 g6
22. Bc1 Kg7 23. Bg5 Nc8 24. hxg4 Kxh7 25. Bxe7 Nxe7 26. Qd4 hxg4 27. Ng5+ 1-0

[Event "AUTO-ELITE-591"]
[Site "http://www.queenalice.com/game.php?id=881497"]
[Date "2011.1.5"]
[Round "2"]
[White "capaputi"]
[Black "Franz2"]
[Result "0-1"]
[WhiteElo "2153"]
[BlackElo "2389"]

1. Nf3 Nf6 2. c4 e6 3. d4 d5 4. Nc3 c6 5. e3 Nbd7 6. Bd3 dxc4 7. Bxc4 Bd6 8. O-O
b5 9. Bd3 O-O 10. e4 e5 11. Bg5 exd4 12. Nxd4 Ne5 13. h3 Bc5 14. Bxf6 gxf6 15.
Nf5 Qxd3 16. Qh5 Qc2 17. Rac1 Qxb2 18. Qh6 Bxf5 19. exf5 Be7 20. Ne4 Rfd8 21.
Kh1 Nd7 22. Rc3 Kh8 23. Re3 Qxa2 24. Ng5 fxg5 25. Rxe7 Qd5 26. Rxd7 Rxd7 27.
Qf6+ Kg8 28. Qxg5+ Kf8 29. Qh6+ Ke8 30. Qxh7 Ke7 31. Qh4+ Kd6 32. Qg3+ Kc5 33.
Re1 Kb6 34. f6 Qf5 35. Qe3+ c5 36. Rc1 Rd3 37. Qe7 Rad8 0-1

[Event "AUTO-ELITE-591"]
[Site "http://www.queenalice.com/game.php?id=881498"]
[Date "2011.1.5"]
[Round "2"]
[White "Franz2"]
[Black "BeHappy"]
[Result "1-0"]
[WhiteElo "2392"]
[BlackElo "2248"]

1. d4 Nf6 2. c4 g6 3. Nc3 Bg7 4. e4 d6 5. Nf3 O-O 6. Be2 e5 7. d5 a5 8. Bg5 h6
9. Bxf6 Bxf6 10. O-O Kg7 11. a3 b6 12. h3 Na6 13. b4 axb4 14. axb4 Bb7 15. Qb3
Be7 16. Na4 Nb8 17. c5 bxc5 18. bxc5 Ba6 19. Nc3 dxc5 20. Nxe5 Bd6 21. Ng4 f5
22. exf5 gxf5 23. Ne3 Be5 24. Ra4 Qf6 25. Nb5 c6 26. Na3 cxd5 27. Qxd5 Ra7 28.
Nac4 Bf4 29. Qxc5 Rc7 30. Qa3 Bxe3 31. fxe3 Bxc4 32. Rxc4 Rxc4 33. Bxc4 Nc6 34.
Bd3 1-0

[Event "AUTO-ELITE-591"]
[Site "http://www.queenalice.com/game.php?id=881499"]
[Date "2011.1.5"]
[Round "2"]
[White "BeHappy"]
[Black "Franz2"]
[Result "0-1"]
[WhiteElo "2173"]
[BlackElo "2403"]

1. e4 e6 2. d4 d5 3. Nc3 Nf6 4. e5 Nfd7 5. Qg4 c5 6. Nf3 cxd4 7. Nb5 Nc6 8. Qg3
a6 9. Nbxd4 Ndxe5 10. Be2 Ng6 11. Bg5 f6 12. Bd2 Bd6 13. Qh3 e5 14. Nxc6 bxc6
15. Qh5 O-O 16. Nh4 Ne7 17. g3 e4 18. O-O Be6 19. Rad1 Qb6 20. Rb1 g6 21. Qh6
Nf5 22. Nxf5 Bxf5 23. Qe3 Bc5 24. Qb3 Qa7 25. g4 Be6 26. Qg3 a5 27. c3 Qe7 28.
Be3 f5 29. gxf5 Rxf5 30. Bxc5 Qxc5 31. Bg4 Rf6 32. Bxe6+ Rxe6 33. Qe3 Qe7 34.
Qd4 Rf8 35. Rbe1 Re5 36. Re3 Rf3 37. Rfe1 Rg5+ 38. Kf1 Qf8 39. Rxf3 Qxf3 40. c4
c5 41. Qe3 Qg2+ 42. Ke2 d4 43. Qf4 e3 44. Kd3 Rf5 45. Qg3 Qb7 46. Qd6 Qxb2 47.
Qd8+ Rf8 48. Qd5+ Rf7 0-1

[Event "QA-ANNIV-05"]
[Site "http://www.queenalice.com/game.php?id=885922"]
[Date "2011.1.13"]
[Round "7"]
[White "Franz2"]
[Black "Malvada"]
[Result "1-0"]
[WhiteElo "2394"]
[BlackElo "2254"]

1. c4 e5 2. Nc3 c6 3. Nf3 Qc7 4. d4 exd4 5. Qxd4 Na6 6. Bf4 Qa5 7. Bd6 Nb4 8.
Kd1 f6 9. a3 Bxd6 10. Qxd6 Na6 11. Qg3 Kf8 12. b4 Qc7 13. e3 Ne7 14. Kc2 Qxg3
15. hxg3 Nc7 16. c5 b6 17. Rd1 bxc5 18. bxc5 Ned5 19. Nh4 Ne7 20. Ne4 Ne6 21.
Bc4 f5 22. Nxf5 Nxf5 23. Bxe6 d5 24. Bxc8 Rxc8 25. g4 Nh6 26. Nd6 Rd8 27. Rb1
Nxg4 28. Rb7 Ne5 29. Rc7 h5 30. f4 Nd7 31. Nb7 1-0

[Event "QA-ANNIV-05"]
[Site "http://www.queenalice.com/game.php?id=921204"]
[Date "2011.4.3"]
[Round "8"]
[White "headhunter"]
[Black "Franz2"]
[Result "1-0"]
[WhiteElo "2517"]
[BlackElo "2401"]

1. e4 e6 2. d4 d5 3. Nc3 dxe4 4. Nxe4 Nf6 5. Nxf6+ Qxf6 6. Nf3 h6 7. Bd3 c5 8.
Be3 Nc6 9. O-O cxd4 10. Nxd4 Bd7 11. Nb5 Rc8 12. Re1 a6 13. Nc3 Bb4 14. Nd5 Qe5
15. Nxb4 Nxb4 16. Bd2 Qc5 17. Be4 Nd5 18. Qg4 g5 19. Qg3 Bc6 20. Rad1 Ne7 21.
Bc3 Bxe4 22. Bxh8 1-0

[Event "QA-ANNIV-05"]
[Site "http://www.queenalice.com/game.php?id=953530"]
[Date "2011.6.24"]
[Round "9"]
[White "Franz2"]
[Black "astrologo"]
[Result "1-0"]
[WhiteElo "2400"]
[BlackElo "2153"]

1. e4 c5 2. Nf3 e6 3. Nc3 Nc6 4. Bb5 a6 5. Bxc6 bxc6 6. O-O d5 7. d3 Be7 8. e5
Nh6 9. Bxh6 gxh6 10. Qd2 Bg5 11. Nxg5 Qxg5 12. f4 Qe7 13. Na4 Rb8 14. c4 Rb4 15.
b3 d4 16. Rab1 Bd7 17. a3 Rb8 18. Qa5 Bc8 19. Nxc5 Qa7 20. Ne4 O-O 21. Nf6+ Kg7
22. Rf3 1-0